[Event "23rd Abu Dhabi Masters"]
[Site "Abu Dhabi UAE"]
[Date "2016.08.25"]
[Round "6.34"]
[White "Abhishek, Kelkar"]
[Black "Fawzy, Adham"]
[Result "1-0"]
[WhiteTitle "IM"]
[BlackTitle "IM"]
[WhiteElo "2380"]
[BlackElo "2440"]
[WhiteFideId "5019257"]
[BlackFideId "10613129"]
[EventDate "2016.08.21"]

1. d4 Nf6 2. Nf3 e6 3. c4 c5 4. d5 b5 5. e4 Nxe4 6. Bd3 Nf6 7. Nc3 exd5 8. cxd5
d6 9. Bxb5+ Bd7 10. Bd3 Be7 11. h3 O-O 12. O-O Qc8 13. Bg5 Re8 14. Re1 Na6 15.
Qd2 c4 16. Bf1 Nc5 17. Bxc4 Na4 18. Bf1 Nxc3 19. bxc3 Bf5 20. Qd4 Qc5 21. Rxe7
Rxe7 22. Bxf6 Re4 23. Qxc5 dxc5 24. Bg5 Bd7 25. Be3 Rc8 26. Ba6 Rc7 27. d6 1-0

[Event "23rd Abu Dhabi Masters"]
[Site "Abu Dhabi UAE"]
[Date "2016.08.25"]
[Round "6.35"]
[White "Sarkar, Justin"]
[Black "Kathmale, Sameer"]
[Result "1-0"]
[WhiteTitle "IM"]
[BlackTitle "IM"]
[WhiteElo "2434"]
[BlackElo "2248"]
[WhiteFideId "2010011"]
[BlackFideId "5024498"]
[EventDate "2016.08.21"]

1. e4 e6 2. d4 d5 3. Nd2 Nf6 4. e5 Nfd7 5. Bd3 c5 6. c3 Nc6 7. Ne2 cxd4 8. cxd4
f6 9. exf6 Nxf6 10. O-O Bd6 11. Nf3 Qc7 12. g3 O-O 13. Bf4 g6 14. Re1 Ng4 15.
Bb5 Bd7 16. h3 Nf6 17. Bxd6 Qxd6 18. Nf4 Ne4 19. Bxc6 Bxc6 20. Ne5 Rxf4 21. gxf4
Rf8 22. Qc1 Bb5 23. Qe3 Qd8 24. a4 Be8 25. Nd3 Qh4 26. Kh2 g5 27. Rg1 Bg6 28.
fxg5 Bf5 29. f4 Nd6 30. Ne5 Qh5 31. Rac1 Be4 32. Nd7 Nf5 33. Nf6+ Rxf6 34. gxf6+
Kf7 35. Qf2 Kxf6 36. Rg5 Qh6 37. Rc7 Nd6 38. Rgg7 Bg6 39. Qg3 a5 40. h4 Ne8 41.
Rxg6+ Qxg6 42. Qg5+ Qxg5 43. fxg5+ Kg6 44. Re7 Ng7 45. Rxg7+ Kxg7 46. Kg3 Kg6
47. Kg4 e5 48. dxe5 d4 49. h5+ Kf7 50. Kf4 d3 51. Ke3 Ke6 52. g6 hxg6 53. h6 Kd5 1-0

[Event "23rd Abu Dhabi Masters"]
[Site "Abu Dhabi UAE"]
[Date "2016.08.25"]
[Round "6.36"]
[White "Ameir, Moheb"]
[Black "Lakshmi, Narayanan M V"]
[Result "1-0"]
[WhiteTitle "IM"]
[WhiteElo "2431"]
[BlackElo "2155"]
[WhiteFideId "10600620"]
[BlackFideId "5040647"]
[EventDate "2016.08.21"]

1. e4 Nf6 2. e5 Nd5 3. c4 Nb6 4. c5 Nd5 5. d4 d6 6. cxd6 exd6 7. Nf3 Be7 8. Nc3
dxe5 9. Nxe5 O-O 10. Qb3 Nb6 11. Be3 Be6 12. Qc2 Nd5 13. Bd3 h6 14. Nxd5 Bxd5
15. O-O Nd7 16. Rad1 Nf6 17. Rfe1 Re8 18. b3 c6 19. Bc1 Bf8 20. Re3 Qc7 21. Rg3
Kh8 22. Bf4 Bd6 23. Rh3 Ng4 24. Qc1 Kg8 25. Rg3 Nxe5 26. dxe5 Bxe5 27. Bxe5 Qxe5
28. Qxh6 g6 29. h4 Qh8 30. Qf4 Qe5 31. Qg4 Kh8 32. h5 Be6 33. Qh4 Qxh5 34. Qf6+
Kg8 35. Bxg6 Qxd1+ 36. Kh2 Kf8 37. Rh3 Kg8 38. Bd3 1-0

[Event "23rd Abu Dhabi Masters"]
[Site "Abu Dhabi UAE"]
[Date "2016.08.25"]
[Round "6.37"]
[White "Estremera Panos, Sergio"]
[Black "Shyaamnikhil, P"]
[Result "1/2-1/2"]
[WhiteTitle "IM"]
[BlackTitle "IM"]
[WhiteElo "2360"]
[BlackElo "2421"]
[WhiteFideId "2200864"]
[BlackFideId "5024218"]
[EventDate "2016.08.21"]

1. d4 Nf6 2. c4 e6 3. Nc3 Bb4 4. e3 c5 5. Bd3 O-O 6. Nf3 d5 7. O-O Nc6 8. cxd5
exd5 9. dxc5 Bxc5 10. b3 Bg4 11. Bb2 Qe7 12. h3 Be6 13. Rc1 Rfd8 14. Ne2 Ne4 15.
Ned4 Nxd4 16. Nxd4 Rac8 17. Qh5 Nf6 18. Qf3 Ba3 19. Rxc8 Bxc8 20. Ba1 Ne4 21.
Rd1 Ng5 22. Qh5 Bd6 23. Nf3 Nxf3+ 24. Qxf3 h6 25. Bf5 Bxf5 26. Qxf5 Qe6 27. Qd3
Be5 28. Bxe5 Qxe5 29. Qd4 Qxd4 30. Rxd4 Kf8 31. e4 Ke7 32. exd5 Kd6 33. f4 Rc8
34. f5 Ke5 1/2-1/2

[Event "23rd Abu Dhabi Masters"]
[Site "Abu Dhabi UAE"]
[Date "2016.08.25"]
[Round "6.38"]
[White "Siva, Mahadevan"]
[Black "Sardana, Rishi"]
[Result "1-0"]
[WhiteTitle "IM"]
[BlackTitle "IM"]
[WhiteElo "2352"]
[BlackElo "2403"]
[WhiteFideId "25043153"]
[BlackFideId "25004301"]
[EventDate "2016.08.21"]

1. d4 d5 2. c4 e6 3. Nf3 Nf6 4. g3 Bb4+ 5. Bd2 Bd6 6. Bg2 O-O 7. O-O c6 8. Qc2
Nbd7 9. b3 Ne4 10. Bc1 Qe7 11. Bb2 f5 12. Nc3 b6 13. Rfd1 a5 14. a4 Bb7 15. e3
Ndf6 16. Ne5 Bxe5 17. dxe5 Ng4 18. Rf1 Qg5 19. Ne2 Qe7 20. Nf4 Rfd8 21. h3 Nh6
22. Rfd1 Nf7 23. Rac1 Rac8 24. Bd4 c5 25. Ba1 d4 26. exd4 cxd4 27. Bxd4 Neg5 28.
Qe2 Bxg2 29. Kxg2 Ne4 30. Qe3 Nc5 31. f3 Rd7 32. Rc2 Nd8 33. Bxc5 Rxc5 34. Rxd7
Qxd7 35. Rd2 Qc7 36. Qd3 1-0

[Event "23rd Abu Dhabi Masters"]
[Site "Abu Dhabi UAE"]
[Date "2016.08.25"]
[Round "6.39"]
[White "Derakhshani, Borna"]
[Black "Das, Arghyadip"]
[Result "0-1"]
[WhiteTitle "FM"]
[BlackTitle "IM"]
[WhiteElo "2265"]
[BlackElo "2457"]
[WhiteFideId "12518450"]
[BlackFideId "5003610"]
[EventDate "2016.08.21"]

1. e4 c5 2. Nf3 d6 3. Bb5+ Nd7 4. d4 cxd4 5. Qxd4 a6 6. Bxd7+ Bxd7 7. c4 Nf6 8.
Nc3 e5 9. Qd3 h6 10. O-O Be7 11. Rd1 O-O 12. b3 Rc8 13. Ba3 Qa5 14. Bb2 b5 15.
Nd2 Bc6 16. Nd5 Bxd5 17. exd5 Nd7 18. Qf5 Nb6 19. Rac1 bxc4 20. bxc4 Qa4 21. f4
Nxc4 22. Nxc4 Rxc4 23. fxe5 Rxc1 24. Rxc1 Qxa2 25. Qc2 dxe5 26. Rd1 Ba3 27. Rd2
Qxb2 28. Qxb2 Bxb2 29. Rxb2 Rd8 30. Rd2 Kf8 31. Kf2 Ke7 32. Ke3 f5 33. g4 g6 34.
h4 h5 35. gxf5 gxf5 36. Rf2 Kf6 37. Ra2 Rd6 38. Ra5 Rb6 39. Kd3 f4 40. Ke4 Rb4+
41. Kf3 Kf5 42. Rxa6 e4+ 43. Kf2 Rb2+ 44. Ke1 e3 45. d6 f3 46. Ra1 Rh2 0-1

[Event "23rd Abu Dhabi Masters"]
[Site "Abu Dhabi UAE"]
[Date "2016.08.25"]
[Round "6.40"]
[White "Savanovic, Aleksandar"]
[Black "Srinath, Rao S.V."]
[Result "1-0"]
[WhiteTitle "IM"]
[BlackTitle "FM"]
[WhiteElo "2440"]
[BlackElo "2261"]
[WhiteFideId "914932"]
[BlackFideId "5028876"]
[EventDate "2016.08.21"]

1. b3 e5 2. Bb2 Nc6 3. e3 d5 4. Bb5 Bd6 5. f4 Qh4+ 6. g3 Qe7 7. Nf3 Bg4 8. fxe5
Bxe5 9. Bxe5 Bxf3 10. Qxf3 Qxe5 11. Nc3 Nf6 12. Bxc6+ bxc6 13. O-O O-O 14. Qf4
Rfe8 15. Qxe5 Rxe5 16. Rf4 Ne8 17. Na4 Nd6 18. Nc5 f5 19. Na6 Re4 20. Nb4 g5 21.
Rxe4 Nxe4 22. Nxc6 Nxd2 23. Rd1 Nf3+ 24. Kg2 g4 25. Ne7+ Kf7 26. Nxf5 Kf6 27.
Nd4 Ng5 28. Rf1+ Kg6 29. Ne2 Re8 30. Nf4+ Kg7 31. Nxd5 Nf3 32. h3 h5 33. Nf4
Rxe3 34. Nxh5+ Kh6 35. hxg4 Ne1+ 36. Kf2 Nxc2 37. Rc1 Rc3 38. Nf6 Rc6 39. Ne4
Kg6 40. Kg1 a5 41. Kh2 Nb4 42. Rxc6+ Nxc6 43. Kg2 Nb4 44. a4 Nc2 45. Nc5 Nd4 46.
Kf2 Kg5 47. Ke3 Nc6 48. Kf3 Nd8 49. Ne4+ Kg6 50. Ke3 Nc6 51. Kd2 Ne5 52. Nf2 Kf7
53. Kc3 Ke6 54. Kd4 Nf3+ 55. Kc4 Nd2+ 56. Kc3 Nf3 57. Nd1 Kd5 58. Ne3+ Kc5 59.
Nc4 Nd4 60. Nxa5 Ne2+ 61. Kd3 Nxg3 62. Nc4 Kd5 63. Nd2 1-0

[Event "23rd Abu Dhabi Masters"]
[Site "Abu Dhabi UAE"]
[Date "2016.08.25"]
[Round "6.41"]
[White "Ravi, Teja S."]
[Black "Mohota, Nisha"]
[Result "1/2-1/2"]
[WhiteTitle "IM"]
[BlackTitle "IM"]
[WhiteElo "2387"]
[BlackElo "2257"]
[WhiteFideId "5017220"]
[BlackFideId "5004330"]
[EventDate "2016.08.21"]

1. d4 Nf6 2. Nf3 g6 3. g3 Bg7 4. Bg2 O-O 5. O-O d6 6. c4 Nbd7 7. Nc3 e5 8. e4
exd4 9. Nxd4 Nc5 10. h3 Re8 11. Re1 Bd7 12. Kh2 h6 13. Nb3 Na4 14. Nxa4 Bxa4 15.
Qd2 Bxb3 16. axb3 Nd7 17. Qc2 Qf6 18. f4 a5 19. Ra2 h5 20. h4 Qe7 21. Bd2 Nf6
22. Bf3 b6 23. Kg2 Rad8 24. b4 axb4 25. Bxb4 Ng4 26. Ra7 Ra8 27. Rxa8 Rxa8 28.
e5 Ra1 29. exd6 Qd8 30. Re7 c5 31. Qd2 Bf6 32. Qe2 Qxd6 33. Re8+ Kg7 34. Bc3 1/2-1/2

[Event "23rd Abu Dhabi Masters"]
[Site "Abu Dhabi UAE"]
[Date "2016.08.25"]
[Round "6.42"]
[White "Raetsky, Alexander"]
[Black "Senthil, Maran K"]
[Result "1-0"]
[WhiteTitle "GM"]
[WhiteElo "2384"]
[BlackElo "2208"]
[WhiteFideId "4103203"]
[BlackFideId "25035681"]
[EventDate "2016.08.21"]

1. e4 c5 2. Nf3 g6 3. c3 Bg7 4. d4 cxd4 5. cxd4 d5 6. e5 Nh6 7. h3 O-O 8. Nc3
Nc6 9. Bb5 f6 10. exf6 exf6 11. O-O Be6 12. Bf4 Qd7 13. Na4 Bxh3 14. gxh3 Qxh3
15. Bxc6 bxc6 16. Nh2 g5 17. Be3 Rae8 18. Qf3 Qh4 19. Rac1 Re4 20. Rfe1 f5 21.
Nc5 Ng4 22. Qg2 Nxe3 23. Rxe3 Rxe3 24. fxe3 Re8 25. Nf3 Qh5 26. Nxg5 Kh8 27.
Nce6 Bh6 28. Kf2 Bxg5 29. Nxg5 Rg8 30. Rg1 h6 31. Rh1 Qxg5 32. Qxg5 Rxg5 33.
Rxh6+ Kg7 34. Rxc6 Rh5 35. Kg3 Rh1 36. Ra6 Rb1 37. b3 Rf1 38. b4 f4+ 39. exf4
Rd1 40. Kg4 Rxd4 41. Rxa7+ Kf6 42. Ra6+ Ke7 43. b5 Rb4 44. a4 d4 45. Kf3 d3 46.
Ke3 Rd4 47. Kd2 Rxf4 48. Kxd3 Kd7 49. Kc3 Rh4 50. Kb3 Kc7 51. Rc6+ Kb7 52. a5
Rg4 53. Rc4 Rg1 54. Kb4 Rb1+ 55. Kc5 Ra1 56. a6+ Ka7 57. Kb4 Kb6 58. Rc6+ Ka7
59. Rc7+ Kb8 60. Re7 Rh1 61. Kc5 Ka8 62. Rd7 Rh6 63. Rd8+ Ka7 64. Rd7+ Kb8 65.
Rd6 Rh8 66. b6 Rc8+ 67. Kb5 Rh8 68. a7+ 1-0

[Event "23rd Abu Dhabi Masters"]
[Site "Abu Dhabi UAE"]
[Date "2016.08.25"]
[Round "6.43"]
[White "Aradhya, Garg"]
[Black "Tissir, Mohamed"]
[Result "1-0"]
[BlackTitle "IM"]
[WhiteElo "2262"]
[BlackElo "2380"]
[WhiteFideId "25006746"]
[BlackFideId "9000240"]
[EventDate "2016.08.21"]

1. d4 Nf6 2. c4 g6 3. g3 Bg7 4. Bg2 c5 5. Nf3 Qa5+ 6. Nc3 Ne4 7. O-O Nxc3 8.
bxc3 Qxc3 9. Be3 Qxc4 10. Rc1 Qxa2 11. Rc2 Qa6 12. Rxc5 Nc6 13. d5 d6 14. Rc1
Ne5 15. Nxe5 Bxe5 16. Bh6 Bd7 17. Qd2 Rc8 18. Rxc8+ Bxc8 19. Qc2 Bd7 20. Qc7 f5
21. Rb1 b6 22. e3 Qa4 23. Bf3 Qa6 24. Rc1 b5 25. Rc6 Qa1+ 26. Kg2 Qa4 27. Qb7 b4
28. Be2 b3 29. Bb5 Qe4+ 30. f3 Qb1 31. Rc8+ Kf7 32. Qxd7 1-0

[Event "23rd Abu Dhabi Masters"]
[Site "Abu Dhabi UAE"]
[Date "2016.08.25"]
[Round "6.44"]
[White "Omar, Noaman"]
[Black "Tarini, Goyal"]
[Result "1-0"]
[WhiteTitle "IM"]
[BlackTitle "WFM"]
[WhiteElo "2377"]
[BlackElo "2142"]
[WhiteFideId "9300244"]
[BlackFideId "5082749"]
[EventDate "2016.08.21"]

1. d4 d5 2. Nf3 Nf6 3. g3 Bf5 4. c4 e6 5. Nc3 c6 6. Nh4 Bg6 7. Nxg6 hxg6 8. Qb3
Qb6 9. c5 Qxb3 10. axb3 Nbd7 11. Bg2 a6 12. b4 e5 13. dxe5 Nxe5 14. Bf4 Nfd7 15.
O-O f5 16. Rfd1 Be7 17. b5 Ng4 18. h3 Ngf6 19. b4 O-O 20. bxc6 bxc6 21. e3 Kh7
22. Ra2 g5 23. Bxg5 Rfb8 24. Ne2 Rxb4 25. Nd4 Bxc5 26. Nxc6 Rb6 27. Nd4 g6 28.
Ne2 Be7 29. Nf4 Rd8 30. Rc2 Rb5 31. Rc7 Bd6 32. Rxd7+ Rxd7 33. Bxf6 Bxf4 34.
gxf4 a5 35. Rc1 Rb8 36. Rc5 Ra7 37. Be5 Rd8 38. Bd4 a4 39. Rb5 Ra6 40. Bxd5 a3
41. Rb7+ Kh6 42. Bg7+ Kh5 43. Bf3+ Kh4 44. Bf6+ 1-0

[Event "23rd Abu Dhabi Masters"]
[Site "Abu Dhabi UAE"]
[Date "2016.08.25"]
[Round "6.45"]
[White "Sidhant, Mohapatra"]
[Black "Mehar, Chinna Reddy C.H."]
[Result "1-0"]
[BlackTitle "FM"]
[WhiteElo "2259"]
[BlackElo "2373"]
[WhiteFideId "5028698"]
[BlackFideId "5027420"]
[EventDate "2016.08.21"]

1. Nf3 d5 2. c4 c6 3. g3 Nf6 4. Bg2 Bg4 5. Ne5 Bf5 6. O-O Nbd7 7. d4 e6 8. Nc3
Bd6 9. Qb3 O-O 10. Bf4 Qb8 11. cxd5 cxd5 12. Nxd7 Nxd7 13. Bd2 Nb6 14. e4 dxe4
15. Nxe4 Bxe4 16. Bxe4 Rd8 17. Rac1 Rd7 18. Qd3 h6 19. Qf3 Bf8 20. Bf4 Bd6 21.
Bd2 Bf8 22. Rfe1 Nd5 23. a3 Qd8 24. Bb1 Qb6 25. b4 Rad8 26. Re4 Nf6 27. Rh4 g5
28. Qxf6 Bg7 29. Bxg5 hxg5 30. Qxg5 Kf8 31. Rf4 Rxd4 32. Rf3 Qd6 33. Bg6 f5 34.
Kg2 Qe7 35. Qh5 Rd3 36. Rxd3 Rxd3 37. Bxf5 Rd8 38. Re1 e5 39. Re3 Rd6 40. Rc3
Rc6 41. Rxc6 bxc6 42. Be4 c5 43. Qf5+ Ke8 44. Qc8+ Qd8 45. Qxc5 Qb8 46. h4 Kf7
47. Qd5+ Kf6 48. Qc6+ Ke7 49. Qg6 Qf8 50. Qc6 1-0

[Event "23rd Abu Dhabi Masters"]
[Site "Abu Dhabi UAE"]
[Date "2016.08.25"]
[Round "6.46"]
[White "Hill, Alistair"]
[Black "Raja, Harshit"]
[Result "1/2-1/2"]
[WhiteElo "2257"]
[BlackElo "2354"]
[WhiteFideId "432407"]
[BlackFideId "5089000"]
[EventDate "2016.08.21"]

1. Nf3 d5 2. g3 c6 3. Bg2 Bf5 4. O-O Nf6 5. c4 e6 6. cxd5 exd5 7. d3 Be7 8. Qb3
Qb6 9. Qc2 O-O 10. Nc3 Na6 11. a3 Rac8 12. e4 dxe4 13. dxe4 Be6 14. Be3 c5 15.
h3 h6 16. Nd2 Qc7 17. Nd5 Bxd5 18. exd5 Rfd8 19. Bf4 Bd6 20. Bxd6 Qxd6 21. Nc4
Qd7 22. Rad1 Nc7 23. d6 Ne6 24. Qb3 b6 25. Ne5 Qe8 26. d7 Nxd7 27. Nc6 Nd4 28.
Nxd4 cxd4 29. Rfe1 Qf8 30. Rxd4 Nc5 31. Qd1 1/2-1/2

[Event "23rd Abu Dhabi Masters"]
[Site "Abu Dhabi UAE"]
[Date "2016.08.25"]
[Round "6.47"]
[White "Rayes, Abdul Kader"]
[Black "Rajesh, V A V"]
[Result "1-0"]
[BlackTitle "IM"]
[WhiteElo "2254"]
[BlackElo "2346"]
[WhiteFideId "7600801"]
[BlackFideId "5029317"]
[EventDate "2016.08.21"]

1. d4 Nf6 2. Nf3 g6 3. g3 Bg7 4. Bg2 O-O 5. O-O d5 6. c4 c6 7. cxd5 Nxd5 8. e4
Nb6 9. h3 c5 10. dxc5 Qxd1 11. Rxd1 Na4 12. Nc3 Bxc3 13. bxc3 Nxc3 14. Re1 Na6
15. Bd2 Na4 16. c6 bxc6 17. Ne5 Bb7 18. Rab1 Nb6 19. a4 Rfd8 20. Be3 f6 21. a5
fxe5 22. axb6 c5 23. Rec1 Rdc8 24. Bf1 Rc6 25. Bc4+ e6 26. bxa7 Rxa7 27. Rd1 Bc8
28. Rd8+ Kf7 29. Ra1 Rac7 30. Bh6 Nb4 31. Ra3 Rd7 32. Rh8 Ba6 33. Rf3+ Ke7 34.
Bf8+ Kd8 35. Bd6# 1-0

[Event "23rd Abu Dhabi Masters"]
[Site "Abu Dhabi UAE"]
[Date "2016.08.25"]
[Round "6.48"]
[White "Antonio, Viani D'cunha"]
[Black "Manush, Shah"]
[Result "1-0"]
[WhiteElo "2346"]
[BlackElo "2151"]
[WhiteFideId "5027330"]
[BlackFideId "5040680"]
[EventDate "2016.08.21"]

1. e4 c6 2. d4 d5 3. exd5 cxd5 4. c4 Nf6 5. Nc3 Nc6 6. Bg5 Ne4 7. cxd5 Nxc3 8.
bxc3 Qxd5 9. Nf3 Bg4 10. Be3 e5 11. Be2 exd4 12. O-O Be7 13. h3 Bf5 14. Nxd4 Be4
15. Qa4 O-O 16. Rad1 Qa5 17. Qxa5 Nxa5 18. Rfe1 Bf6 19. Nb5 a6 20. Nd6 Bc6 21.
c4 Bc3 22. Rf1 b5 23. cxb5 axb5 24. Nxb5 Be5 25. Rc1 Rfb8 26. Rc5 Re8 27. Rfc1
h6 28. Bf1 Bd7 29. Rd1 Bxb5 30. Bxb5 Re7 31. Rd7 Rxd7 32. Bxd7 Bd6 33. Rc8+ Rxc8
34. Bxc8 Bb4 35. Kf1 Nc4 36. Bd4 Kf8 37. Ke2 f6 38. Ba6 Ne5 39. Bb5 Ke7 40. Ke3
Ke6 41. f4 Ng6 42. g4 Kd5 43. Ba4 Ne7 44. Bb3+ Kd6 45. Ke4 Ba3 46. h4 Bc1 47. a4
Bd2 48. g5 hxg5 49. fxg5 fxg5 50. h5 g4 51. Bxg7 g3 52. Be5+ Kc5 53. Bxg3 Kb4
54. Bd6+ Kxb3 55. Bxe7 Kxa4 56. Kf5 Kb5 57. Bg5 Bc3 58. h6 Kc6 59. Bf6 Kd5 1-0

[Event "23rd Abu Dhabi Masters"]
[Site "Abu Dhabi UAE"]
[Date "2016.08.25"]
[Round "6.49"]
[White "Ashwath, R."]
[Black "Kulkarni, Rakesh"]
[Result "0-1"]
[WhiteElo "2227"]
[BlackElo "2316"]
[WhiteFideId "5021049"]
[BlackFideId "5037077"]
[EventDate "2016.08.21"]

1. d4 Nf6 2. c4 e5 3. dxe5 Ng4 4. Nf3 Bc5 5. e3 Nc6 6. Be2 O-O 7. O-O Ngxe5 8.
Nxe5 Nxe5 9. Nc3 Re8 10. b3 a5 11. Na4 Bf8 12. Bb2 Ra6 13. Qd5 Rae6 14. Qxa5 b6
15. Qd5 Rd6 16. Qe4 Nd3 17. Qf3 Nxb2 18. Nxb2 Rf6 19. Qd5 Rd6 20. Qf3 Rf6 21.
Qd5 c6 22. Qd1 Rh6 23. g3 d5 24. Bg4 Ba6 25. Qe2 Qf6 26. Nd3 dxc4 27. Nf4 Bd6
28. Ng2 Qg5 29. f4 Qc5 30. Rac1 b5 31. bxc4 bxc4 32. Kh1 Qa3 33. Qc2 Bc5 34. Qc3
Qxc3 35. Rxc3 Bb4 36. Rc2 c3 37. Rd1 Bb5 38. Rcc1 c2 39. Rxc2 Ba4 40. Rdc1 Bxc2
41. Rxc2 Rd6 42. a4 Ra8 43. h4 Rxa4 44. e4 Rg6 45. Ne3 Rd6 46. Nf5 Rd2 47. Rxd2
Bxd2 48. Ne7+ Kf8 49. Nxc6 Rxe4 50. Ne5 Bc3 51. Nf3 h6 52. Kg2 Ke7 53. Bf5 Re2+
54. Kh3 Kd6 55. Bc8 Kc6 56. Ba6 Rf2 57. Bd3 Kd5 58. Ba6 Ke4 59. Bb7+ Ke3 60. Nh2
Rb2 61. Ng4+ Ke2 62. Bd5 f6 63. Bc4+ Kd2 64. Bd5 Bd4 65. Nh2 Rc2 66. Nf3+ Ke3
67. Nh2 Ke2 68. Bf3+ Kf2 69. Be4 Re2 70. Bg6 Rb2 71. Ng4+ Kg1 72. h5 Rb3 73. Bf7
Ra3 74. Kh4 Bf2 75. Nxf2 Kxf2 76. g4 Kg2 77. g5 fxg5+ 78. Kg4 gxf4 79. Bd5+ f3
80. Be6 0-1

[Event "23rd Abu Dhabi Masters"]
[Site "Abu Dhabi UAE"]
[Date "2016.08.25"]
[Round "6.50"]
[White "Patil, Pratik"]
[Black "Harikrishnan, A. Ra"]
[Result "1-0"]
[WhiteElo "2216"]
[BlackElo "2280"]
[WhiteFideId "5038758"]
[BlackFideId "5081483"]
[EventDate "2016.08.21"]

1. e4 e6 2. d4 d5 3. Nd2 Nf6 4. e5 Nfd7 5. Bd3 c5 6. c3 Nc6 7. Ne2 cxd4 8. cxd4
f6 9. exf6 Nxf6 10. O-O Bd6 11. Nf3 O-O 12. Bg5 Qc7 13. Bh4 Nh5 14. Bg3 Nxg3 15.
hxg3 g6 16. Rc1 Qg7 17. Bb1 Bd7 18. Nc3 Rae8 19. Re1 Kh8 20. a3 Rf6 21. Rc2 Rxf3
22. gxf3 Nxd4 23. Rd2 Bc5 24. Kg2 Rf8 25. f4 Kg8 26. Na4 Bxa4 27. Qxa4 g5 28.
Rh1 h6 29. fxg5 hxg5 30. Bh7+ Kf7 31. Qd7+ Kf6 32. Qxg7+ Kxg7 33. Bd3 e5 34.
Rh7+ Kg8 35. Rxb7 e4 36. Bb1 Rd8 37. b4 Bb6 38. Rxb6 Nf3 39. Rxd5 Rxd5 40. Rb8+
Kg7 41. Bxe4 Ne1+ 42. Kf1 Re5 43. f3 g4 44. Kxe1 gxf3 45. Rb7+ Kf6 46. Rxa7
Rxe4+ 47. Kf2 Rc4 48. Kxf3 Rc3+ 49. Kg4 Rc4+ 50. Kh3 Kf5 51. b5 Rc5 52. a4 1-0

[Event "23rd Abu Dhabi Masters"]
[Site "Abu Dhabi UAE"]
[Date "2016.08.25"]
[Round "6.51"]
[White "Khouri, Ahmed Abbas"]
[Black "Derakhshani, Dorsa"]
[Result "0-1"]
[WhiteTitle "FM"]
[BlackTitle "WIM"]
[WhiteElo "2061"]
[BlackElo "2405"]
[WhiteFideId "9301518"]
[BlackFideId "12500330"]
[EventDate "2016.08.21"]

1. e4 e5 2. Nf3 Nc6 3. Bc4 Bc5 4. O-O Nf6 5. d3 a6 6. a4 Ba7 7. Bg5 h6 8. Bh4 d6
9. c3 Be6 10. Bxe6 fxe6 11. Qb3 Qc8 12. a5 O-O 13. Nbd2 Qd7 14. Bxf6 gxf6 15.
Nh4 Kh7 16. Ndf3 d5 17. Rfe1 d4 18. Re2 Rg8 19. Rc2 Rab8 20. Qc4 Rg7 21. Ra3
Rbg8 22. Kf1 Qd6 23. Ra1 Rd7 24. Rd2 Qe7 25. h3 Rgd8 26. Ne1 f5 27. g3 Qf6 28.
Nhf3 Rg7 29. Qb3 dxc3 30. bxc3 fxe4 31. Qxb7 Rd6 32. Nh2 e3 33. Ng2 exf2 34. Re2
Rxg3 35. Qxc7+ Qe7 0-1

[Event "23rd Abu Dhabi Masters"]
[Site "Abu Dhabi UAE"]
[Date "2016.08.25"]
[Round "6.52"]
[White "Dimakiling, Oliver"]
[Black "Dargan, Paul A G"]
[Result "1-0"]
[WhiteTitle "IM"]
[BlackTitle "CM"]
[WhiteElo "2382"]
[BlackElo "2159"]
[WhiteFideId "5202248"]
[BlackFideId "416762"]
[EventDate "2016.08.21"]

1. c4 e5 2. g3 Nc6 3. Bg2 f5 4. Nc3 Nf6 5. d3 Bb4 6. Bd2 a5 7. Nf3 O-O 8. O-O d6
9. a3 Bxc3 10. Bxc3 a4 11. b4 axb3 12. Qxb3 Kh8 13. e3 Qe8 14. d4 Na5 15. Qc2 e4
16. Nd2 d5 17. Bb4 Rg8 18. cxd5 Nxd5 19. Bxa5 Rxa5 20. Nc4 Ra6 21. Ne5 Rh6 22.
Qb3 c6 23. f3 Be6 24. fxe4 fxe4 25. Bxe4 Qh5 26. Qb2 Nxe3 27. Bf3 Qg5 28. Qc1 c5
29. Qxc5 Qd8 30. d5 1-0

[Event "23rd Abu Dhabi Masters"]
[Site "Abu Dhabi UAE"]
[Date "2016.08.25"]
[Round "6.53"]
[White "Ramnath, Bhuvanesh R"]
[Black "Ajay Krishna, S"]
[Result "1-0"]
[WhiteTitle "IM"]
[WhiteElo "2307"]
[BlackElo "2125"]
[WhiteFideId "5026598"]
[BlackFideId "5096430"]
[EventDate "2016.08.21"]

1. e4 c5 2. Nf3 e6 3. d4 cxd4 4. Nxd4 Nc6 5. Nc3 Qc7 6. Be2 a6 7. O-O Nf6 8. Be3
Bb4 9. Na4 Be7 10. c4 O-O 11. c5 Nxe4 12. Bf3 Nf6 13. Rc1 g6 14. Re1 Rd8 15. Bg5
Rb8 16. Nb6 Kg7 17. Qa4 Bxc5 18. Nxc6 dxc6 19. Rxc5 Qxb6 20. Qf4 Nd7 21. Rcc1
Re8 22. b4 e5 23. Bh6+ Kg8 24. Rcd1 c5 25. bxc5 Qf6 26. Qc1 Nf8 27. Rd6 Be6 28.
h3 1-0

[Event "23rd Abu Dhabi Masters"]
[Site "Abu Dhabi UAE"]
[Date "2016.08.25"]
[Round "6.54"]
[White "Pranavananda, V"]
[Black "Wafa, Shrook"]
[Result "1/2-1/2"]
[BlackTitle "WGM"]
[WhiteElo "2271"]
[BlackElo "2106"]
[WhiteFideId "5073588"]
[BlackFideId "10609970"]
[EventDate "2016.08.21"]

1. e4 c5 2. Nf3 d6 3. d4 cxd4 4. Nxd4 Nf6 5. Nc3 g6 6. Be3 Bg7 7. f3 O-O 8. Qd2
Nc6 9. g4 Ne5 10. Be2 Bd7 11. O-O-O Qa5 12. Nb3 Qc7 13. g5 Ne8 14. Nd5 Qd8 15.
h4 Nc7 16. f4 Ng4 17. Bd4 e5 18. fxe5 Nxd5 19. e6 Ne5 20. exd7 Nc7 21. Bc3 Qxd7
22. Qxd6 Qxd6 23. Rxd6 Ne6 24. Rf1 Rad8 25. Rd5 Nc6 26. Bxg7 Kxg7 27. Bb5 h6 28.
Bxc6 bxc6 29. Rxd8 Nxd8 30. Nc5 hxg5 31. hxg5 Re8 32. b4 Ne6 33. Nxe6+ Rxe6 34.
Rf4 Re5 35. Rg4 f6 36. gxf6+ Kxf6 37. a4 g5 38. Kd2 Kg6 39. Ke3 Kh5 40. Rg1 Re7
41. Rh1+ Kg4 42. Rh6 a5 43. bxa5 Ra7 44. Rxc6 Rxa5 45. Rc4 Kh3 46. Rb4 g4 47.
Kf4 Ra8 48. Rb3+ Kh4 49. Rb1 Rf8+ 50. Ke5 g3 51. Kd6 Rd8+ 52. Ke7 Rd4 53. e5
Rxa4 54. e6 Rc4 55. Rh1+ Kg4 56. Kf7 Rxc2 57. e7 Rf2+ 58. Kg7 Re2 59. Kf7 Rf2+
60. Kg8 Re2 61. Rh7 g2 62. Kf8 Rxe7 63. Kxe7 Kf3 64. Rg7 Kf2 65. Rf7+ Ke2 66.
Rg7 Kf2 67. Kf6 g1=Q 68. Rxg1 Kxg1 1/2-1/2

[Event "23rd Abu Dhabi Masters"]
[Site "Abu Dhabi UAE"]
[Date "2016.08.25"]
[Round "6.55"]
[White "Severina, Maria"]
[Black "Al-Zaabi, Sultan"]
[Result "1/2-1/2"]
[WhiteTitle "WIM"]
[BlackTitle "CM"]
[WhiteElo "2262"]
[BlackElo "1698"]
[WhiteFideId "4116909"]
[BlackFideId "9307583"]
[EventDate "2016.08.21"]

1. d4 d5 2. Nf3 Nf6 3. Bf4 e6 4. e3 Be7 5. Bd3 c5 6. c3 Nc6 7. h3 a6 8. a4 O-O
9. Nbd2 b6 10. O-O Bb7 11. Qe2 Bd6 12. Ne5 Qc7 13. Ndf3 Ne4 14. Nxc6 Bxf4 15.
Nce5 Bxe5 16. Nxe5 f6 17. Nf3 Rfe8 18. Rfc1 c4 19. Bc2 e5 20. Nd2 Nxd2 21. Qxd2
b5 22. b4 e4 1/2-1/2